Start your own online coupon or daily deal business / (Record no. 5393)

MARC details
000 -LEADER
fixed length control field 01050cam a2200193 i 4500
020 ## - INTERNATIONAL STANDARD BOOK NUMBER
ISBN 9781599185125 (pbk. : alk. paper)
020 ## - INTERNATIONAL STANDARD BOOK NUMBER
ISBN 1599185121 (pbk. : alk. paper)
050 00 - CALL NUMBER
Classification number HF6127
Item number .M56
100 1# - AUTHOR
Personal name Mintzer, Richard.
245 10 - TITLE
Title Start your own online coupon or daily deal business /
Statement of responsibility, etc Entrepreneur Press and Rich Mintzer.
260 ## - PUBLICATION INFORMATION
Place of publication New York
Name of publisher Entrepreneur press
Year of publication 2013
300 ## - DESCRIPTION
Number of Pages xvi, 182 pages :
Other physical details illustrations ;
Dimensions 23 cm.
505 0# - FORMATTED CONTENTS NOTE
Table of Content Acknowledgments -- Preface -- What is the coupon, and daily deal, business all about? -- Is this the business for you? -- How it works -- Boring business basics : getting your business started -- The home office or the business office -- You & your website -- Strategizing with your merchants -- Marketing -- Know your costs and bookkeeping basics -- Finding funding and your business plan -- Selling or closing down the business.
650 #0 - SUBJECTS
Topical Term Coupons (Retail trade)
650 #0 - SUBJECTS
Topical Term Internet marketing.
650 #0 - SUBJECTS
Topical Term New business enterprises.
710 2# - OTHER AUTHORS
OTHER AUTHORS Entrepreneur Press.
942 ## - ADDED ENTRY ELEMENTS (KOHA)
Koha item type Books
Holdings
Withdrawn status Lost status Collection code Home library Current library Shelving location Date acquired Full call number Accession Number Koha item type
    Non-fiction Methodist University Library Main Methodist University Library Main General Stacks 21/01/2017 HF6127 .M56 3468 Books
Copyright © 2026  MUG Library